| 000 | 01170nam a2200277 a 4500 | ||
|---|---|---|---|
| 001 | 000021305 | ||
| 005 | 20200930011306.0 | ||
| 008 | 100904s1985 ag r 000 0 spa d | ||
| 020 | _a9501216241 | ||
| 040 |
_aDO-SdBNP _bspa _cBNPHU |
||
| 041 | 1 | 7 |
_aspa _heng _2Código de idioma MARC |
| 082 |
_a371.9 _bO83n |
||
| 100 | 1 |
_aOsman, Betty B., _944517 |
|
| 240 | 1 | 0 |
_aNo one to play with. The social side of learning disabilities. _lEspañol. |
| 245 | 1 | 0 |
_aNadie con quien jugar : _bel aspecto social de las incapacidades de aprendizaje / _cBetty B. Osman ; colaboración de Henriette Blinder ; traducción de Fernando Lida García. |
| 260 |
_aBuenos Aires ; _aBarcelona ; _aMéxico : _bPaidós, _c1985. |
||
| 300 |
_a158 p. ; _c22 cm. |
||
| 490 | 1 |
_aEducador _v39 |
|
| 534 |
_pTítulo original en inglés: _tNo one to play with. The social side of learning disabilities. _cNew York : Random House, 1982. _z0394511344 |
||
| 650 | 4 |
_aTrastornos del aprendizaje _944518 |
|
| 650 | 4 |
_aNiños con problemas de aprendizaje _913850 |
|
| 700 | 1 |
_aGarcía, Fernando Lida, _etr. _944519 |
|
| 700 | 1 |
_aBlinder, Henriette, _944520 |
|
| 830 | 0 |
_aEducador ; _v39 _944521 |
|
| 049 | _aBNGR | ||
| 999 |
_c20805 _d20805 |
||